000
00325nam a2200145Ia 4500
008
200615s9999||||xx |||||||||||||| ||und||
020
_a
9789351402107
082
_a
540
_b
PHY-G
100
_a
GURTU,JN
245
0
_a
PHYSICAL CHEMISTRY
250
_a
1ST
260
_a
NEW DELHI
_b
PRAGATI
_c
2018
300
_a
447
942
_c
BK
999
_c
30919
_d
30919